Statistics for Biographical Films actors

Click here to take the quiz!

General Stats

  • This quiz has been taken 28 times
  • The average score is 10 of 15

Answer Stats

Biographical figureActor% Correct
Abraham LincolnDaniel Day-Lewis
96%
Freddie MercuryRami Malek
96%
Ray CharlesJamie Foxx
92%
Erin BrockovichJulia Roberts
88%
Harvey MilkSean Penn
88%
Muhammad AliWill Smith
88%
Charlie ChaplinRobert Downey Jr.
83%
Winston ChurchillGary Oldman
79%
Walt DisneyTom Hanks
67%
George W. BushJosh Brolin
50%
Jordan BelfortLeonardo DiCaprio
50%
Sharon TateMargot Robbie
50%
Molly BrownKathy Bates
38%
Elton JohnTaron Egerton
25%
James BrownChadwick Boseman
21%

Score Distribution

Percentile by Number Answered

Percent of People with Each Score

Your Score History

You have not taken this quiz